000 00316nam a2200121Ia 4500
005 20251222144717.0
008 251222s9999||||xx |||||||||||||| ||spa||
082 _a510.332/D67
100 _aDias Mosto, Jorge
245 0 _aMatemáticas Financieras y Aplicaciones de Contabilidad
264 _bUniverso
942 _cLIB
999 _c18074
_d18074